[Geometry Dash] Swiborg verifications - Statistics

General Stats
  • This quiz has been taken 4 times
  • The average score is 5 of 7
Answer Stats
Hint Answer % Correct
Unverified Eternal Night
100%
Unverified Anemesis
75%
Unverified Deimos
75%
Unverified Solar Flare
75%
Verified Eggo
50%
Unverified Oblivion
50%
Verified Protoflicker
50%
No matching quizzes found
Score Distribution
Percent of People with Each Score
Percentile by Number Answered
Your Score History
You have not taken this quiz